Portmanteaus - Statistics

General Stats
  • This quiz has been taken 30 times
  • The average score is 23 of 32
Answer Stats
Hint Answer % Correct
Breathalyzer Breath
100%
Infomercial Commercial
100%
Mockumentary Documentary
100%
Infomercial Information
100%
Frappuccino Cappuccino
97%
Ginormous Enormous
97%
Email Mail
97%
Mockumentary Mock
97%
Liger Lion
93%
Liger Tiger
93%
Breathalyzer Analyzer
90%
Sitcom Comedy
90%
Email Electronic
90%
Malware Software
90%
Frappuccino Frappe
77%
Froyo Frozen
77%
Yelp Help
77%
Sitcom Situation
77%
Froyo Yogurt
77%
Ginormous Gigantic
73%
Malware Malicious
67%
WiFi Wireless
67%
Podcast Broadcast
60%
Pixel Picture
60%
Cyborg Cybernetic
47%
WiFi Fidelity
47%
Cyborg Organism
33%
Podcast iPod
30%
Velcro Velvet
23%
Velcro Crochet
17%
Pixel Element
10%
Yelp Yellow Pages
10%
No matching quizzes found
Score Distribution
Percent of People with Each Score
Percentile by Number Answered
Your Score History
You have not taken this quiz